Diagns̤tico organizacional

Detalles Bibliográficos
Autor principal: Vidal Arizabaleta, Elizabeth
Formato: eBook
Lenguaje:español
Publicado: Bogot:̀ ECOE, 2004
Materias:
Acceso en línea:Acceso restringido

MARC

LEADER 00000nam a22000007a 4500
005 20220217183753.0
007 cr|||| ||||
008 220217s2004 co |||||s|||| 00||0 spa d
020 |a 9781449279394 
035 |a 35849 
040 |a vLex 
090 |c 13018  |d 13018 
100 1 |a Vidal Arizabaleta, Elizabeth 
245 1 0 |a Diagns̤tico organizacional  |h [Recurso electrn̤ico] :  |c Elizabeth Vidal Arizabaleta 
256 |a Servicio en ln̕ea 
260 |a Bogot:̀  |b ECOE,  |c 2004 
300 |a 1 recurso electrn̤ico 
506 1 |a Disponible solo en los productos indicados  |d vLex Global  |d vLex Global (Academic Edition, excluding Law Schools)  |d vLex Global (U.S. Academic Edition, Law Schools)  |d vLex Global (U.S. Academic Edition, excluding Law Schools)  |d vLex Global (Academic Edition, Law Schools) 
650 0 4 |a Derecho Laboral y Seguridad Social  |z Colombia 
740 0 |a vLex Libros (Servicio en ln̕ea) 
856 4 0 |u https://app.vlex.com/#/sources/35849  |z Acceso restringido 
942 |c BOOK 
999 0 |a Labor law and social security